[Event "Catarinense-ch"]
[Site "Itajai"]
[Date "2023.11.26"]
[Round "5"]
[White "Laurindo, Ulisses Alvaro"]
[Black "Da Cunha, Gastao"]
[Result "0-1"]
[WhiteElo "1472"]
[BlackElo "1639"]
[PlyCount "88"]
[EventDate "2023.11.24"]
[EventType "swiss"]
[EventRounds "6"]
[EventCountry "BRA"]
[SourceTitle "CB50_2023"]
[SourceDate "2023.12.13"]
[SourceVersion "1"]
[SourceVersionDate "2023.12.13"]
[SourceQuality "1"]

1. e4 e6 2. d3 g6 3. Nf3 Bg7 4. g3 Ne7 5. Bg2 d5 6. Nbd2 c5 7. 0-0 0-0 8. Re1 Nbc6 9. a4 a5 10. e5 Qc7 11. Qe2 b6 12. h4 h5 13. Nf1 Ba6 14. c3 Rab8 15. N1h2 b5 16. axb5 Rxb5 17. g4 hxg4 18. Nxg4 Nf5 19. Bg5 Rfb8 20. Rab1 Qb7 21. c4 dxc4 22. dxc4 Rxb2 23. Rxb2 Qxb2 24. Qe4 Ncd4 25. Nf6+ Kh8 26. Qg4 Nxf3+ 27. Bxf3 Qc3 28. Re4 Bb7 29. h5 Bxe4 30. Bxe4 Qe1+ 31. Kg2 Rb2 32. Qf3 Nd4 33. Qf4 gxh5 34. Qh4 Rxf2+ 35. Qxf2 Qxf2+ 36. Kxf2 a4 37. Ke3 a3 38. Bh1 h4 39. Bxh4 Nf5+ 40. Kd2 Nxh4 41. Kc3 Nf3 42. Nd7 Bxe5+ 43. Kb3 Nd2+ 44. Kxa3 Nxc4+ 0-1

[Event "Catarinense-ch"]
[Site "Itajai"]
[Date "2023.11.24"]
[Round "2"]
[White "Duarte, Arthur Garcez"]
[Black "Laurindo, Ulisses Alvaro"]
[Result "0-1"]
[WhiteElo "1756"]
[BlackElo "1472"]
[PlyCount "71"]
[EventDate "2023.11.24"]
[EventType "swiss"]
[EventRounds "6"]
[EventCountry "BRA"]
[SourceTitle "CB50_2023"]
[SourceDate "2023.12.13"]
[SourceVersion "1"]
[SourceVersionDate "2023.12.13"]
[SourceQuality "1"]

1. e4 c6 2. d4 d5 3. exd5 cxd5 4. Nf3 Nc6 5. c4 Nf6 6. Nc3 g6 7. Bf4 Bg4 8. c5 Bg7 9. Bb5 0-0 10. h3 Bxf3 11. gxf3 Nh5 12. Bxc6 Nxf4 13. Bxb7 Rb8 14. c6 Qb6 15. Qd2 Qxd4 16. Qxd4 Bxd4 17. Rd1 Bxc3+ 18. bxc3 e5 19. Rb1 Nd3+ 20. Ke2 Nc5 21. Rb2 Rfc8 22. Rhb1 Rc7 23. Kd2 a6 24. Rb6 Kf8 25. Bxa6 Rxb6 26. Rxb6 Nxa6 27. Rxa6 Ke7 28. Kd3 Kd6 29. c4 d4 30. f4 f6 31. fxe5+ fxe5 32. f4 exf4 33. Kxd4 Rxc6 34. Rxc6+ Kxc6 35. h4 h6 36. a4 0-1

[Event "Santa Catarina State-ch 65th"]
[Site "Rio Negrinho"]
[Date "2021.07.23"]
[Round "3"]
[White "Andrade, Moacir Belarmino F"]
[Black "Laurindo, Ulisses Alvaro"]
[Result "1/2-1/2"]
[WhiteElo "1570"]
[BlackElo "1250"]
[PlyCount "72"]
[EventDate "2021.07.22"]
[EventType "swiss"]
[EventRounds "7"]
[EventCountry "BRA"]
[SourceTitle "EXT 2022"]
[Source "ChessBase"]
[SourceDate "2021.10.06"]
[SourceVersion "1"]
[SourceVersionDate "2021.10.06"]
[SourceQuality "1"]

1. e4 c6 2. d4 d5 3. e5 Bf5 4. Nf3 e6 5. Bd3 Bxd3 6. Qxd3 c5 7. c3 Nc6 8. 0-0 Qb6 9. a3 Rc8 10. Re1 Nge7 11. g4 cxd4 12. cxd4 h5 13. h3 hxg4 14. hxg4 Ng6 15. Bg5 Qxb2 16. Nc3 Nxd4 17. Nxd4 Rxc3 18. Qb5+ Qxb5 19. Nxb5 Rch3 20. Kf1 Kd7 21. Rec1 Be7 22. Rc7+ Kd8 23. Bxe7+ Nxe7 24. Rac1 Rh1+ 25. Ke2 Rxc1 26. Rxc1 Nc6 27. Nd6 Rh3 28. Nxf7+ Ke7 29. Ng5 Nd4+ 30. Kd2 Nb3+ 31. Kc2 Nxc1 32. Nxh3 Ne2 33. Kd3 Nc1+ 34. Kc2 Ne2 35. Kd3 Nc1+ 36. Kc2 Ne2 1/2-1/2

[Event "Santa Catarina-ch 64th "]
[Site "Lages"]
[Date "2020.02.14"]
[Round "1"]
[White "Laurindo, Ulisses Alvaro"]
[Black "Bitencourt, Evandro Jose dos S"]
[Result "0-1"]
[WhiteElo "1254"]
[BlackElo "1853"]
[PlyCount "84"]
[EventDate "2020.02.14"]
[EventType "swiss"]
[EventRounds "6"]
[EventCountry "BRA"]
[SourceTitle "CBM 195 Extra"]
[Source "ChessBase"]
[SourceDate "2020.05.31"]
[SourceVersion "1"]
[SourceVersionDate "2020.05.31"]
[SourceQuality "1"]

1. e4 c5 2. Nf3 d6 3. d4 cxd4 4. Nxd4 Nf6 5. Nc3 a6 6. Be2 e5 7. Nf3 Be7 8. 0-0 0-0 9. Be3 Nbd7 10. Bc4 Qc7 11. Qe2 b5 12. Nd5 Nxd5 13. Bxd5 Rb8 14. Rad1 Nf6 15. Bg5 Nxd5 16. Rxd5 Be6 17. Bxe7 Qxe7 18. Rd2 Bc4 19. Qd1 Bxf1 20. Kxf1 Rfd8 21. c3 h6 22. Ne1 Qe6 23. b3 Rbc8 24. Rd3 Rc6 25. Nc2 f5 26. Nb4 Rb6 27. exf5 Qxf5 28. Nd5 Rb7 29. Rf3 Qe6 30. Re3 Rf7 31. Kg1 Rdf8 32. g3 Rxf2 33. Nf4 R2xf4 34. gxf4 Rxf4 35. Qd3 e4 36. Qd4 Rg4+ 37. Kh1 Qf5 38. Qd1 d5 39. c4 bxc4 40. bxc4 d4 41. Re1 e3 42. Rf1 Qe4+ 0-1